LEADER 01082nam a2200253 4500 001 000000364793 003 CaOOAMICUS 005 20251022134744.0 008 251022s1974 it 000 u ita r 040 $aSeMil$bita 100 1 $aBaldini, Massimo,$d<1947-2008>.$0(OLS)http://semarc/name/89118 245 13$aIl linguaggio delle utopie :$butopia e ideologia : una rilettura epistemologica /$cMassimo Baldini. 264 1$aRoma :$bStudium,$c1974. 300 $aIX, 265 p. ;$c21 cm 490 1 $aLa cultura ;$v3 650 4$aUtopia.$0(OLS)http://semarc/subject/2259 650 4$aIdeologia.$0(OLS)http://semarc/subject/9594 830 3$aLa cultura ;$v3.$0(OLS)http://semarc/title/6877 850 $aSeMil 852 $aSeMil$W1$xVenegono$y1$m2G III 48$j263666$B255621$CSeMilBibl$Z2$F255621 $81 961 $aBuzzi mons. Franco - Omaggio 996 $6245$aIl linguaggio delle utopie :$butopia e ideologia : una rilettura epistemologica$9(OLS)http://semarc/title/456278 996 $6264$aRoma :$bStudium$9(OLS)http://semarc/publisher/29617 LEADER 00967nam a2200217 i 4500 001 000000208018 003 CaOOAMICUS 005 20111115000000.0 008 111115s1821 it u000 u ita u 013 $a186801 026 $aD.MO diio tae- mide (3) 1821 (R) 040 $aSeMil$bita 100 1 $aSalvini, Antonio Maria,$d<1653-1729>.$0(OLS)http://semarc/name/2855 245 10$aTomo 1. 300 $a[8], XXXI, [1], 194, [2] p. 490 0 $aCollezione di opere classiche sacre e profane 773 0 $aSalvini, Antonio Maria <1653-1729>$tDei discorsi accademici di Anton Maria Salvini. Tomo 1. [-11.].$dBologna : presso Annesio Nobili, 1821-1822.$kCollezione di opere classiche sacre e profane$g1$w()25757 830 0$aCollezione di opere classiche sacre e profane.$0(OLS)http://semarc/title/34698 850 $aSeMil 852 $aSeMil$W1$xVenegono$y1$m1S III 34 FA$j158476$B158476$CSeMilBibl$Z2$F169815 $8I 996 $6245$aTomo 1$9(OLS)http://semarc/title/46685